000
00269nam a2200109Ia 4500
082
_a
796.510968 OLIV
245
0
_a
Olivier,Willie
100
_a
Hiking trails of South Africa
942
_c
BK
020
_a
9781868727872"
008
210816s9999 xx 000 0 und d
999
_c
114691
_d
114690